000 00319nam a22001337a 4500
008 170619b xxu||||| |||| 00| 0 eng d
020 _a9780521576147
041 _aeng
080 _a32
100 _a20
101 _aSHP
245 _aPRESIDENTIALS AND DEMOCRACY IN LATIN AMERICA
_cMAINWARING.S
942 _2udc
_cBK
999 _c18186
_d18186